Green engineering: environmentally conscious design of chemical processes
محفوظ في:
| المؤلفون الرئيسيون: | , |
|---|---|
| التنسيق: | كتاب |
| اللغة: | الإنجليزية |
| منشور في: |
Upper Saddle River
Prentice Hall PTR
2002
|
| سلاسل: | Chemical Engineering
|
| الموضوعات: | |
| الوسوم: |
إضافة وسم
لا توجد وسوم, كن أول من يضع وسما على هذه التسجيلة!
|
MARC
| LEADER | 00000cam a2200000 a 4500 | ||
|---|---|---|---|
| 001 | UCF5663 | ||
| 003 | CL-VaPUC | ||
| 008 | 130322e20020000US |||||||||||||||||eng|d | ||
| 020 | |a 0130619086 | ||
| 082 | 0 | 4 | |a 660 |b ALL |2 21 |
| 100 | 0 | |a Allen, David T |e author |9 567630 | |
| 700 | 0 | |a Shonnard, David R |e author |9 567631 | |
| 245 | 1 | 0 | |a Green engineering: environmentally conscious design of chemical processes |
| 300 | |a 552 p | ||
| 942 | |c BK | ||
| 945 | |d 20130322 00:00:00 |a cmena | ||
| 260 | |a Upper Saddle River |b Prentice Hall PTR |c 2002 | ||
| 650 | 7 | |a QUIMICA DEL MEDIO AMBIENTE |2 CL-VaPUC |9 306783 | |
| 650 | 0 | |a Química industrial |9 355322 | |
| 650 | 0 | |a Protección del medio ambiente |9 257626 | |
| 650 | 0 | |a Gestión ambiental |9 338121 | |
| 583 | |a last modification |c 20130322 12:27:00 |k Rodrigo Vera | ||
| 490 | 0 | |a Chemical Engineering | |
| 999 | |c 351121 |d 351119 | ||
| 952 | |0 0 |1 0 |4 0 |6 660_000000000000000_ALL_2002 |7 0 |8 A |9 455054 |a BIBING |b BIBING |d 2019-11-22 |i 4954602 |o 660 ALL 2002 |p 4954602 |r 2025-01-20 |w 2019-11-22 |y BK |k EIQ | ||